LIBRARY & INFORMATION CENTRE, KCAET, TAVANUR

ONLINE PUBLIC ACCESS CATALOGUE (OPAC)

Plain Bearing Design Handbook / (Record no. 7192)

MARC details
000 -LEADER
fixed length control field 00304cam a2200121ua 4500
020 ## - INTERNATIONAL STANDARD BOOK NUMBER
ISBN 0-408-01186-6
082 ## - DEWEY DECIMAL CLASSIFICATION NUMBER
Classification number 621.822
Item number WEL/PL
100 ## - MAIN ENTRY--AUTHOR NAME
Personal name Welsh, R.J .
245 ## - TITLE STATEMENT
Title Plain Bearing Design Handbook /
260 ## - PUBLICATION, DISTRIBUTION, ETC. (IMPRINT)
Place of publication London :
Name of publisher Butterworth Scientific ,
Year of publication 1983.
300 ## - PHYSICAL DESCRIPTION
Number of Pages 162 ; .
942 ## - ADDED ENTRY ELEMENTS (KOHA)
Koha item type Reference
Holdings
Withdrawn status Lost status Damaged status Collection code Home library Current library Shelving location Date acquired Full call number Accession Number Koha item type
      Reference KAUAET KAUAET Reference 31/08/1987 621.822.WEL/PL 16335 Reference
free website counter